| 000 | 01226nam a2200193Ia 4500 | ||
|---|---|---|---|
| 008 | 220216s9999 xx 000 0 und d | ||
| 100 | _aHu X L et al. | ||
| 245 | 0 | _aTemperature and frequency dependent rheological behaviour of carbon black filled natural rubber | |
| 260 |
_bPlastics,Rubber and Composites _c2013 |
||
| 300 | _a416-420 | ||
| 520 | _aThe temperature and frequency dependent viscoelasticity of carbon black filled rubber is investigated.Temperature sweep and frequency sweep dynamic mechanical analysis tests are performed to investigate the frequency dependent glass transition temperature and to identify the thermorheological nature of the material.The test results show that the master curves of dynamical frequency range of 21 decades,verifying the materials thermorheologocal simplicity is confirmed by vanGurp-Palmen and Cole-Cole plots.Moreover,the temperature dependence of the shift factor is modelled well by both the Williams-Landel-Ferry equation and the Arrhenius equation. | ||
| 650 | _aCole-Cole plot | ||
| 650 | _aDynamic mechanical properties | ||
| 650 | _aRubber | ||
| 650 | _aShift factor | ||
| 650 | _athermorheological simplicity | ||
| 650 | _aVan Gurp-Palmen plot | ||
| 942 | _cJS | ||
| 999 |
_c70362 _d70362 |
||